Water chlorination/chloramination practices and principles. (2nd ed.) (Record no. 61466)

MARC details
000 -LEADER
fixed length control field 00752nam a2200181 a 4500
008 - FIXED-LENGTH DATA ELEMENTS--GENERAL INFORMATION
fixed length control field 160511s2006 ||||||||||||||||| || u
020 ## - INTERNATIONAL STANDARD BOOK NUMBER
International Standard Book Number 9781583214084
050 ## - LIBRARY OF CONGRESS CALL NUMBER
Classification number TD 491 Wat
110 ## - MAIN ENTRY--CORPORATE NAME
Corporate name or jurisdiction name as entry element The American Waterworks Association
245 10 - TITLE STATEMENT
Title Water chlorination/chloramination practices and principles. (2nd ed.)
Statement of responsibility, etc. By American Water works Association
250 ## - EDITION STATEMENT
Edition statement 2nd ed.
260 ## - PUBLICATION, DISTRIBUTION, ETC.
Place of publication, distribution, etc. Denver
Name of publisher, distributor, etc. American Waterworks Association
Date of publication, distribution, etc. 2006
300 ## - PHYSICAL DESCRIPTION
Extent xiv, 173p.: ill.
350 ## - PRICE (NR) (BK AM CF MU VM SE) [OBSOLETE]
Price 130.00
650 ## - SUBJECT ADDED ENTRY--TOPICAL TERM
Topical term or geographic name entry element WATER--PURIFICATION--CHLORINATION
650 ## - SUBJECT ADDED ENTRY--TOPICAL TERM
Topical term or geographic name entry element WATER--PURIFICATION--CHLORAMINATION
995 ## - RECOMMENDATION 995 [LOCAL, UNIMARC FRANCE]
-- CBU-MAIN LIBRARY (Kitwe)
-- 130.00
-- 1
-- AVAILABLE
-- May 13, 2016
-- Main Library Open Access Collection
Holdings
Withdrawn status Lost status Source of classification or shelving scheme Damaged status Not for loan Home library Current library Shelving location Date acquired Total Checkouts Full call number Barcode Date last seen Price effective from Koha item type
          CBU-MAIN LIBRARY, KITWE. CBU-MAIN LIBRARY, KITWE.   11/30/2022   TD 491 Wat 745666 11/30/2022 11/30/2022 MONOGRAPH